Della seduzione /
محفوظ في:
| المؤلف الرئيسي: | |
|---|---|
| مؤلفون آخرون: | |
| التنسيق: | كتاب |
| اللغة: | الإيطالية |
| منشور في: |
Bologna :
Cappelli,
stampa 1985
|
| سلاسل: | Biblioteca Cappelli
|
| الموضوعات: | |
| الوسوم: |
لا توجد وسوم, كن أول من يضع وسما على هذه التسجيلة!
|
MARC
| LEADER | 00000nam a22000007i 4500 | ||
|---|---|---|---|
| 001 | IT\ICCU\LO1\0075646 | ||
| 003 | ItRI | ||
| 005 | 20260115232312.0 | ||
| 008 | 920218s1985 it |||||| ||||| |||||c | ||
| 040 | |b ita |c importazione bologna sebina | ||
| 041 | 7 | |a ita |2 ISO-639-2 | |
| 082 | |a 155.3 |9 PSICOLOGIA DEL SESSO E DEI SESSI |2 20 | ||
| 100 | 1 | |a Baudrillard, Jean |0 IT\ICCU\CFIV\007288 |4 aut | |
| 240 | 1 | 0 | |a De la séduction. |3 IT\ICCU\UBO\4306394 |9 Baudrillard, Jean |
| 245 | 1 | 0 | |a Della seduzione / |c Jean Baudrillard ; a cura di Pina Lalli. |
| 260 | |a Bologna : |b Cappelli, |c stampa 1985 | ||
| 300 | |a 263 p. ; |c 21 cm | ||
| 650 | 7 | |a SEDUZIONE | |
| 700 | 1 | |a Lalli, Pina |0 IT\ICCU\CFIV\049734 | |
| 830 | 0 | |a Biblioteca Cappelli |0 IT\ICCU\CFI\0000410 | |
| 942 | |2 ddc |c BK |n 0 | ||
| 952 | |0 0 |1 0 |4 0 |6 DOC_155_300000000000000_BAU |7 0 |9 23846 |a BO |b BO |d 2026-01-15 |i 5244 |l 0 |o DOC 155.3 BAU |p BO5244 |r 2026-01-15 23:23:12 |w 2026-01-15 |x [Sebina 5] [1 v.] |y BK |z 1 v. | ||
| 999 | |c 20310 |d 20310 | ||